| 000 | nam a22 7a 4500 | ||
|---|---|---|---|
| 999 |
_c29607 _d29607 |
||
| 008 | 180425b xxu||||| |||| 00| 0 eng d | ||
| 020 | _a9780077403638 | ||
| 050 |
_aHF 5694 .S57 2011 _b.S57 2011 |
||
| 100 | _aSlater Jeffrey | ||
| 245 |
_aPractical business _bMath procedures |
||
| 250 | _a10th ed | ||
| 300 |
_axv 336p,: _bill.; _c30cm _ecd |
||
| 440 | _x9780077403638 | ||
| 500 | _aIncude index | ||
| 650 | _aBusiness mathematics | ||
| 942 |
_2lcc _cBOOKS _hHF 5694 .S57 2011 _k38314 |
||